| 000 | 01170nam0a22002891 4500 | ||
|---|---|---|---|
| 001 | rc\3730083 | ||
| 005 | 20250610104814.0 | ||
| 021 |
_aRU _b[69-65453] |
||
| 035 | _a(NLR Aleph) 007865447 | ||
| 090 |
_a7823565 _c7823565 |
||
| 100 | _a20130115d1969 |||y0rusy50 ca | ||
| 101 | 0 | _arus | |
| 102 | _aRU | ||
| 105 | _aa z ||||| | ||
| 200 | 1 | _aРеконструктивные операции на желчных путях | |
| 210 |
_aЛенинград _cМедицина. Ленингр. отд-ние _d1969 |
||
| 215 |
_a288 с., 1 л. ил. _cил. _d22 |
||
| 320 | _aБиблиогр.: с. 279-288 | ||
| 606 |
_aЖелчные пути _xХирургия восстановительная _2psbo |
||
| 700 | 1 |
_4070 _7ca _8rus _aСмирнов _bЕ. В. _cд-р мед. наук, хирург _f1897-1982 _gЕвгений Васильевич _9250919 _3RU\NLR\AUTH\770250975 |
|
| 701 | 1 |
_aПопов _bС. Д. _cд-р мед. наук, хирургия _f1926-1995 _gСергей Дмитриевич _9226986 _3RU\NLR\AUTH\770227042 |
|
| 801 | 0 |
_aRU _bNLR _gpsbo |
|
| 801 | 1 |
_aRU _bELAR _2rusmarc |
|
| 852 |
_aNLR _j69-5/3892 |
||
| 942 | _cBOOK | ||
| 980 | _aNB | ||